Autographie. 1 Fictions

محفوظ في:
التفاصيل البيبلوغرافية
المؤلف الرئيسي: Gadnon, Mandeleine
التنسيق: كتاب
اللغة:Undetermined
منشور في: Montreal, Canadá VLB Editou, 1982
الموضوعات:
الوسوم: إضافة وسم
لا توجد وسوم, كن أول من يضع وسما على هذه التسجيلة!

MARC

LEADER 00000nam a2200000Ia 4500
008 170316s9999 xx 000 0 und d
040 |a cru BVZT 
090 |a 818 G-1a 
100 |a Gadnon, Mandeleine 
245 |a Autographie. 1 Fictions 
260 |a Montreal, Canadá 
260 |b VLB Editou, 
260 |c 1982 
300 |a [s.páginas] 
650 |a LITERATURA CANADIENSE 
999 |c 6440  |d 6440 
942 |c 15 D  |h 818 G-1a  |2 z